00641cam a2200169 a 4500008004100000020001500041035001200056050002100068100002700089245010100116260006300217300002100280440007000301500002100371651004000392700003900432031020s1974 sp 000 0 spa u a8400040627 aa432523 0aF1973 bV55 19741 aVilar Vilar, Enriqueta10aHistoria de Puerto Rico (1600-1650) /cEnriqueta Vila Vilar ; prol. de Francisco Morales Padron. aSevilla :bEscuela de Estudios Hispano-americanos, c1974. a279 p. ;c24 cm. 0aPublicaciones de la Escuela de Estudios Hispano-americanos ;v223 aIncluye índice 4aPuerto Rico xHistoria yHasta 18981 aMorales Padrón, Francisco, prol.